00000000nam 2200000za 4500
0019.558484
003CaOODSP
00520240527135425
007cr |||||||||||
008150406s2003||||xxc|||||o    f|0| 0 eng d
020 |a0-662-34310-7
040 |aCaOODSP|beng
043 |an-cn---
0861 |aCW69-14/312-2003E-IN
1102 |aCanadian Wildlife Service.
24510|aCOSEWIC assessment and update status report on the Small-flowered sand-verbena, Tripterocalyx micranthus, in Canada |h[electronic resource] / |cCommittee on the Status of Endangered Wildlife in Canada.
260 |aOttawa - Ontario : |bEnvironment Canada. |c2003.
300 |a32p.|bcoloured illus., figs., references
500 |a"Endangered, 2002".
500 |aAlso available in French under title: Rapport du COSEPAC sur la situation de l’abronie à petites fleurs (Tripterocalyx micranthus) au Canada – Mise à jour.
590 |a07-03-Supp|b2007-04-05
69007|aEndangered species|2gcpds
69007|aPlants|2gcpds
77508|tMise à jour, évaluation et rapport de situation du COSEPAC sur l'abronie à petites fleurs, Tripterocalyx micranthus, au Canada |w(CaOODSP)9.591326
794 |tCOSEWIC assessment and status report on the small-flowered sand-verbena, Tripterocalyx micranthus, in Canada.|w(CaOODSP)9.921931
85640|ahttp://publications.gc.ca|qPDF|s522 KB|uhttps://publications.gc.ca/collections/Collection/CW69-14-312-2003E.pdf